| 000 | 01130cam a2200253 i 4500 | ||
|---|---|---|---|
| 001 | 348598 | ||
| 003 | OSt | ||
| 005 | 20210414165959.0 | ||
| 008 | 760212s1975 nyua b 000 0 eng | ||
| 040 |
_aCENDOC CAAAP _bspa _cCAAAP |
||
| 050 |
_aFP _b82.C1 W38 |
||
| 100 | 1 |
_aWeiss, Gerald _d1932- _92139 |
|
| 245 | 1 | 0 |
_aCampa cosmology : _bthe world of a forest tribe in South America / _cGerald Weiss. |
| 260 |
_aNew York : _bAmerican Museum of Natural History, _c1975. |
||
| 300 |
_ap. 219-588 : _bil. ; _c26 cm. |
||
| 490 | 1 |
_aAnthropological papers of the American Museum of Natural History ; v. 52, pt. 5 _x0065-9452 |
|
| 504 | _aBibliografía: p. 571-588. | ||
| 505 | _aIntroduction -- Campa cosmography -- Campa cosmology : the earth -- Campa cosmogony: the sky -- Campa cosmogony: mankind -- Campa cosmology: man's place in the cosmos -- Campa cosmology: interpretation. | ||
| 650 | 0 |
_aIndígenas asháninka _91972 _xReligión |
|
| 650 | 0 |
_aIndígenas asháninka _91973 _xMitología |
|
| 650 | 0 |
_aCosmología _92142 |
|
| 830 | 0 |
_aAnthropological papers of the American Museum of Natural History ; _vv. 52, pt. 5. |
|
| 942 |
_2lcc _cBK |
||
| 999 |
_c880 _d880 |
||